00603 2200205 4500001002100000005001500021035002000036008004100056245010800097100001100205250001000216260003100226300003700257020001800294084001700312082001100329650002600340700002000366990001100386INLIS00000000001302520220708103858 a0010-0722000509220708 g 0 ind 1 aMood Control :bMengelola Suasana Hati Agar Happy Sepanjang Hari /cAudrey; penyunting, Windy Afiayanti aAUDREY acet.1 a[s.l.] :bCakrawala,c2005 aviii, 125 hal. :bilus. ;c17 cm a979-3383-10-0 a153.42 AUD m a153.42 4aPIKIRAN DAN PEMIKIRAN0 aWINDI, Afiyanti a8390 a